Capitals of German countries, old and new. - Statistics

General Stats
  • This quiz has been taken 567 times
  • The average score is 7 of 9
Answer Stats
Hint Answer % Correct
Germany Berlin
100%
Austria Vienna
96%
Switzerland Bern
95%
West Germany Bonn
92%
Belgium Brussels
91%
Liechtenstein Vaduz
79%
East Germany East Berlin
68%
Luxembourg Luxembourg City
42%
Prussia Königsberg
29%
No matching quizzes found
Score Distribution
Percent of People with Each Score
Percentile by Number Answered
Your Score History
You have not taken this quiz